| 000 | 00950nam a22002177a 4500 | ||
|---|---|---|---|
| 999 |
_c3124 _d3124 |
||
| 003 | AR-CdUCM | ||
| 008 | 190306b ||||| |||| 00| 0 spa d | ||
| 020 | _a9972987183 | ||
| 040 |
_aMUNICIPALIDAD PROVINCIAL DEL CUSCO _cBIBLIOTECA MUNICIPAL DEL CUSCO |
||
| 082 |
_a332 / _bO44 |
||
| 100 |
_aOlivera Milla, Maribel ; Olivera Milla, Alberto _910541 |
||
| 245 | _aManual Financiero / | ||
| 260 |
_aLima : _bTinco S.A , _c2005. |
||
| 300 |
_a558 páginas ; _c24 cm. |
||
| 505 | _aContenido: El Sistema Financiero -- Fuentes de Financiamiento -- El Mercado de Bonos -- Arrendamiento Finaciero -- Créditos Hipotecarios (Mivivienda) -- Aplicación de la Fórmulas Financieras -- Interés añ Rebatir, Flat, Tasa de Descuento -- Regulacion de las Tasas de Interés -- Tipo de Cambio Nominal y Real... | ||
| 650 |
_aFinanzas _94496 |
||
| 650 |
_aAdministracion Economica _910542 |
||
| 650 |
_aContabilidad _910543 |
||
| 942 |
_2ddc _cLIBROS |
||
| 945 | _artm | ||